000 01009 am a2200313 a 4500
005 20240529102502.0
008 100917s1992||||ag d f |||| 001 0 spa d
020 _a9507100261
041 _aspa
092 _c370.73
_l28
_sGAL
100 1 _aGalli, Amanda
_eCoord.
_9656
245 _aPrograma de Formación Docente Pedagógica. Curso de Aprendizaje y Evaluación.
_bVol.4 Estrategia de enseñanza /
_cAmanda Galli.
250 _a1a ed.
260 _aBuenos Aires:
_bOPS/OMS;
_c1991.
300 _a94 p.
500 _aGalli, A. et al. (1991). Programa de Formación Docente Pedagógica. Curso de Aprendizaje y Evaluación. Vol.4 Estrategia de enseñanza. (1a ed.). Buenos Aires : OPS/OMS.
653 _aFormación docente
653 _aAprendizaje
653 _aEvaluación
700 1 _aCastro, Claudia.
_9657
700 1 _aCarrio, Silvia.
_9658
700 1 _aFerrante, Adela.
_9655
930 _a346
930 _a355
930 _a410
930 _a2167
930 _a514
942 _2ddc
_cBK
999 _c741
_d741